| 000 | 01379nam a22002655i 4500 | ||
|---|---|---|---|
| 001 | 153012 | ||
| 003 | ES-MaACL | ||
| 005 | 20260203150624.0 | ||
| 008 | 050823s1798 sp | |||||||| ||spa d | ||
| 040 |
_aCAM _bspa _cCAM |
||
| 100 | 1 |
_aCastillo, Pedro. _936714 |
|
| 245 | 1 | 0 |
_aCarta apologética de la cirugía forense del Dr. Don Domingo Vidal, para servir de ilustración crítica a la obra original que copió sobre la misma materia D. Juan Fernandez del Valle &c. &c. / _csu autor Pedro Castillo. |
| 260 |
_aEn Zaragoza : _ben la oficina de B [...], Impresor de la Real So[...], _c[s.a.] |
||
| 300 |
_a34 p. ; _c4º. |
||
| 530 | _aDisponible en formato digital. | ||
| 594 | _aPrecede al tit.: Para casos como estos tienen discípulos los maestros. | ||
| 596 | _aTexto fechado en Zaragoza, 10 de mayo de 1798. | ||
| 600 | 1 | 4 |
_aVidal, Domingo. _9155217 |
| 600 | 0 | 4 |
_aFernández del Valle, Juan. _949735 |
| 650 | 7 |
_aMedicina legal _2embne _914928 |
|
| 852 |
_aES-MaACL _jR-3101 _x Encuadernación piel con hierros _q Deteriorado en el borde inferior afectando al pie de imp.; restaurado _cDEPO1 _dOlim:T-419-F-21 _g Dedicatoria manuscrita de José Velez Sánchez a la Biblioteca de los Escolares Médicos |
||
| 856 | 4 |
_uhttp://bdh-rd.bne.es/viewer.vm?id=0000064631&page=1 _yBiblioteca Digital Hispánica |
|
| 942 | _2udc | ||
| 999 |
_c153012 _d153012 |
||